| 000 | 01688cam a2200373 a 4500 | ||
|---|---|---|---|
| 001 | EDZ0000018501 | ||
| 003 | StDuBDS | ||
| 005 | 20161031105123.0 | ||
| 006 | m||||||||d|||||||| | ||
| 007 | cr ||||||||||| | ||
| 008 | 110107s2006 caua fo 001|0|eng d | ||
| 020 |
_a9781412952644 (ebook) : _cNo price |
||
| 040 |
_aStDuBDS _beng _cStDuBDS _epn |
||
| 049 | _aAlfaisal Main Library | ||
| 050 | 4 | _aHA29 | |
| 082 | 0 | 4 |
_a001.403 _222 |
| 245 | 0 | 0 |
_aEncyclopedia of measurement and statistics _h[electronic resource] / _ceditor Neil J. Salkind. |
| 260 |
_aThousand Oaks, Calif. ; _aLondon : _bSAGE, _c2006. |
||
| 300 |
_a1 online resource (3 v. (xxxv, 1136, I1-I57 p.)) : _bill. |
||
| 520 | 8 | _aThe 'Encyclopedia of Measurement and Statistics' presents state-of-the-art information and ready-to-use facts from the fields of measurement and statistics. Expert contributors provide an overview and an explanation of the major topics in these two areas. | |
| 521 | _aSpecialized. | ||
| 588 | _aDescription based on print version record. | ||
| 504 | _aIncludes bibliographical references and index. | ||
| 650 | 0 |
_aSocial sciences _xStatistical methods _vEncyclopedias. |
|
| 650 | 0 |
_aPsychology _xStatistical methods _vEncyclopedias. |
|
| 650 | 0 |
_aSocial sciences _xResearch _xMethodology _vEncyclopedias. |
|
| 655 | 7 |
_aElectronic books. _2local |
|
| 700 | 1 | _aSalkind, Neil J. | |
| 710 | 2 | _aSage eBooks | |
| 776 | 0 | 8 |
_iPrint version : _z9781412916110 |
| 856 | 4 | 0 |
_3SAGE research methods _uhttp://methods.sagepub.com/reference/encyclopedia-of-measurement-and-statistics |
| 856 | 4 | 0 | _uhttp://ezproxy.alfaisal.edu/login?url=http://sk.sagepub.com/reference/statistics |
| 942 |
_2lcc _cEBOOKS |
||
| 999 |
_c479710 _d479710 |
||